000 00695nam a2200193 i 4500
001 38446
003 ES-MaACL
005 20240521130638.0
007 t|
008 030225s1981 sp ||||1| spa d
100 1 _aCabo de la Sierra, Gonzalo.
_933235
245 1 0 _aGrabados, litografías y serigrafías
_b: técnicas, procedimientos /
_cGonzalo Cabo de la Sierra ; prólogo de Leopoldo Rodríguez Alcalde ; dibujos de Fernando Bellver.
260 _aMadrid :
_bEsti-Arte,
_c[1981]
300 _a262 p. :
_bil. ;
_c24 cm.
700 1 _aRodríguez Alcalde, Leopoldo.
_998327
700 0 _aBellver, Fernando,
_d1954-
_927287
852 _aES-MaACL
_jL-2431
_bR.103150
999 _c38446
_d38446